| 000 | 01238cam a2200229 4500500 | ||
|---|---|---|---|
| 005 | 20260412000554.0 | ||
| 041 | _afre | ||
| 042 | _adc | ||
| 100 | 1 | 0 |
_aValentin, Thomas _eauthor |
| 245 | 0 | 0 | _aVers l’armée robotisée |
| 260 | _c2026. | ||
| 500 | _a66 | ||
| 520 | _aLes avancées en robotique et le développement de l’Intelligence artificielle (IA) et du combat collaboratif transforment profondément la conduite de la guerre mais n’en modifient pas l’essence fondamentale : la guerre reste un affrontement des volontés humaines où l’homme demeure l’acteur décisif du combat. | ||
| 520 | _aAdvances in robotics and the development of artificial intelligence (AI) and collaborative combat are profoundly transforming the conduct of warfare but do not change its fundamental nature. War remains a battle of human wills in which man remains the decisive actor in combat. | ||
| 690 | _acombat collaboratif | ||
| 690 | _adronisation | ||
| 690 | _aIA | ||
| 690 | _arobotisation | ||
| 690 | _asystèmes autonomes | ||
| 786 | 0 | _nRevue Défense Nationale | 889 | 4 | 2026-04-02 | p. 50-56 | 2105-7508 | |
| 856 | 4 | 1 | _uhttps://shs.cairn.info/revue-defense-nationale-2026-4-page-50?lang=fr&redirect-ssocas=7080 |
| 999 |
_c2210406 _d2210406 |
||